Commission on Narcotic drugs (Record no. 3901)

MARC details
000 -LEADER
fixed length control field 00411nam a22001337a 4500
008 - FIXED-LENGTH DATA ELEMENTS--GENERAL INFORMATION
fixed length control field 230704b xxu||||| |||| 00| 0 eng d
020 ## - INTERNATIONAL STANDARD BOOK NUMBER
International Standard Book Number 9211480868
082 ## - DEWEY DECIMAL CLASSIFICATION NUMBER
Classification number 363.4
Item number INC
110 ## - MAIN ENTRY--CORPORATE NAME
Subordinate unit United Nations
245 ## - TITLE STATEMENT
Title Commission on Narcotic drugs
Remainder of title report on the thirty-fourth Session
Statement of responsibility, etc. Economic and Social Council
Medium Supplement No. 5
260 ## - PUBLICATION, DISTRIBUTION, ETC. (IMPRINT)
Place of publication, distribution, etc. New York
Name of publisher, distributor, etc. United Nations
Date of publication, distribution, etc. 1993
300 ## - PHYSICAL DESCRIPTION
Extent 89p
942 ## - ADDED ENTRY ELEMENTS (KOHA)
Source of classification or shelving scheme Dewey Decimal Classification
Koha item type Books
Holdings
Withdrawn status Lost status Source of classification or shelving scheme Damaged status Not for loan Home library Current library Date acquired Total Checkouts Full call number Barcode Date last seen Price effective from Koha item type
    Dewey Decimal Classification     County Hall Archives County Hall Archives 07/04/2023   363.4 INC 10010529 07/04/2023 07/04/2023 Books
LIBRARY OPENING HOURS

When the Parliament is sitting: 8.00a.m - 7.00p.m or until the house adjourns
Mondays and Fridays and when the House is on Recess:  8.00a.m - 5.00p.m
Closed on Weekends and Public Holidays

Online Public Access Catalog (OPAC)
Website: http://www.parliament.go.ke
Bunge Library: https://libraryir.parliament.go.ke
Contact: library@parliament.go.ke | Tel no: (254-2)2221291 or 2848000 Ext 5043